Geografia Francji #1 - Statystyki

Ogólne statystyki
  • Ten quiz został rozwiązany 1 433 razy
  • Średni wynik to 13 z 20
Statystyki odpowiedzi
Pytanie Odpowiedź % Poprawnych
Jak nazywa się najwyższa budowla w Paryżu? Wieża Eiffla
95%
Jak nazywa się najważniejsza rzeka przepływająca przez Paryż? Sekwana
85%
Jak nazywa się najmniejsze państwo sąsiadujące z Francją według powierzchni? Monako
82%
Jak nazywa się terytorium zależne Francji leżące w Ameryce Południowej? Gujana Francuska
76%
Jak nazywa się najwyższa góra w Europie, leżąca na granicy Francji oraz Włoch? Mont Blanc
76%
Jaki łańcuch górski położony jest na granicy hiszpańsko-francuskiej? Pireneje
75%
Jak nazywa się państwo, z którego pochodzi najwięcej obywateli Francji nieurodzonych tam? Algieria
74%
Jaka jest największa wyspa należąca do Francji? Korsyka
73%
Jak nazywało się miasto, w którym Ludwik XIV rozbudował pałac? Wersal
70%
Jakie miasto jest oficjalną siedzibą Parlamentu Europejskiego? Strasburg
65%
Jak nazywa się najdłuższa rzeka położona w całości we Francji? Loara
63%
Jakie ważne jezioro znajduje się na granicy szwajcarsko-francuskiej Jezioro {Genewskie}
60%
Z jakim państwem Francja dzieli karaibską wyspę Saint Martin? Holandia
55%
Jakie miasto było stolicą nieokupowanej Francji podczas II wojny światowej? Vichy
52%
Jak nazywa się najbardziej na zachód wysunięty regionem w kontynentalnej Francji? Bretania
50%
Jakie miasto jest gospodarzem 24-godzinnego wyścigu samochodowego? Le Mans
50%
Jakie miasto było miejscem ewakuacji wojsk brytyjskich w 1940 roku? Dunkierka
48%
Jaka była romańska nazwa dla Francji? Galia
48%
W pobliżu jakiego miasta Francji swój początek ma Eurotunel? Calais
37%
Jak nazywa się główna wyspa Polinezji Francuskiej? Tahiti
29%
Nie znaleziono quizów pasujących do podanych kryteriów
Rozkład punktacji
Procent ludzi z każdym wynikiem
Percentyl według liczby udzielonych odpowiedzi
Twoja historia wyników
Nie rozwiązałeś tego quizu